Wavelet applications III : 8-12 April 1996, Orlando, Florida /

Bibliographic Details
Corporate Author: Society of Photo-optical Instrumentation Engineers
Other Authors: Szu, Harold H.
Format: Book
Language:English
Published: Bellingham, Wash. : SPIE, [1995]
Series:Proceedings of SPIE--the International Society for Optical Engineering ; v. 2762.
Subjects:
Online Access:https://www.spiedigitallibrary.org/conference-proceedings-of-SPIE/2762.toc

MARC

Tag First Indicator Second Indicator Subfields
LEADER 00000cam a2200000 a 4500
001 in00001314813
005 20230512150655.0
008 960501s1996 waua b 101 0 eng d
010 |a  95073032  
020 |a 081942143X 
035 |a (OCoLC)34720098 
035 |9 AHA9868AM 
040 |a PUL  |c PUL  |d TXA  |d UtOrBLW 
049 |a TXAM 
090 |a QA403.3  |b .W38 1996 
245 0 0 |a Wavelet applications III :  |b 8-12 April 1996, Orlando, Florida /  |c Harold H. Szu, chair/editor ; sponsored and published by SPIE--the International Society for Optical Engineering. 
264 1 |a Bellingham, Wash. :  |b SPIE,  |c [1995] 
264 4 |c ©1995 
300 |a xv, 668 pages :  |b illustrations ;  |c 28 cm. 
336 |a text  |b txt  |2 rdacontent 
337 |a unmediated  |b n  |2 rdamedia 
338 |a volume  |b nc  |2 rdacarrier 
490 1 |a Proceedings / SPIE--the international society for optical engineering ;  |v v. 2762 
504 |a Includes bibliographical references and index. 
650 0 |a Wavelets (Mathematics)  |v Congresses. 
650 0 |a Image processing  |v Congresses. 
650 0 |a Signal processing  |v Congresses. 
700 1 |a Szu, Harold H. 
710 2 |a Society of Photo-optical Instrumentation Engineers. 
740 0 |a Wavelet applications three. 
740 0 |a Wavelet applications 3. 
830 0 |a Proceedings of SPIE--the International Society for Optical Engineering ;  |v v. 2762. 
856 4 1 |u https://www.spiedigitallibrary.org/conference-proceedings-of-SPIE/2762.toc  |t 0 
999 |a MARS 
999 f f |s b3b9398f-533c-3f1f-9822-955d520a180a  |i 984c48f1-3373-3a89-839f-6b82df354732  |t 0 
952 f f |p ric  |a Texas A&M University  |b Rellis Campus  |c Joint Library Facility  |d Remote Storage  |t 0  |e QA403.3 .W38 1996  |h Library of Congress classification  |i unmediated -- volume  |m A14820088318 
998 f f |a QA403.3 .W38 1996  |t 0  |l Remote Storage